<?xml version="1.0" encoding="UTF-8"?><?xml-stylesheet type="text/xsl" href="static/style.xsl"?><OAI-PMH xmlns="http://www.openarchives.org/OAI/2.0/" xmlns:xsi="http://www.w3.org/2001/XMLSchema-instance" xsi:schemaLocation="http://www.openarchives.org/OAI/2.0/ http://www.openarchives.org/OAI/2.0/OAI-PMH.xsd"><responseDate>2026-04-17T14:12:54Z</responseDate><request verb="GetRecord" identifier="oai:www.recercat.cat:10230/16189" metadataPrefix="marc">https://recercat.cat/oai/request</request><GetRecord><record><header><identifier>oai:recercat.cat:10230/16189</identifier><datestamp>2025-12-25T19:58:41Z</datestamp><setSpec>com_2072_6</setSpec><setSpec>col_2072_452954</setSpec></header><metadata><record xmlns="http://www.loc.gov/MARC21/slim" xmlns:dcterms="http://purl.org/dc/terms/" xmlns:xsi="http://www.w3.org/2001/XMLSchema-instance" xmlns:doc="http://www.lyncode.com/xoai" xsi:schemaLocation="http://www.loc.gov/MARC21/slim http://www.loc.gov/standards/marcxml/schema/MARC21slim.xsd">
   <leader>00925njm 22002777a 4500</leader>
   <datafield ind2=" " ind1=" " tag="042">
      <subfield code="a">dc</subfield>
   </datafield>
   <datafield ind2=" " ind1=" " tag="720">
      <subfield code="a">Belenes Rotllant, Lluís</subfield>
      <subfield code="e">author</subfield>
   </datafield>
   <datafield ind2=" " ind1=" " tag="720">
      <subfield code="a">Ferrer Pujol, Marc</subfield>
      <subfield code="e">author</subfield>
   </datafield>
   <datafield ind2=" " ind1=" " tag="720">
      <subfield code="a">Grau Clapers, Marc</subfield>
      <subfield code="e">author</subfield>
   </datafield>
   <datafield ind2=" " ind1=" " tag="720">
      <subfield code="a">Martínez Aguilà, Albert</subfield>
      <subfield code="e">author</subfield>
   </datafield>
   <datafield ind2=" " ind1=" " tag="260">
      <subfield code="c">2012-07-11T02:16:08Z</subfield>
   </datafield>
   <datafield ind2=" " ind1=" " tag="260">
      <subfield code="c">2012-07-11T02:16:08Z</subfield>
   </datafield>
   <datafield ind2=" " ind1=" " tag="260">
      <subfield code="c">2012-02-01</subfield>
   </datafield>
   <datafield ind2=" " ind1=" " tag="260">
      <subfield code="c">2012-07-10T07:27:38Z</subfield>
   </datafield>
   <datafield ind2=" " ind1=" " tag="520">
      <subfield code="a">Al llarg de la història, els recursos hídrics han estat motiu de controvèrsia entre diferents pobles. L’aigua és un recurs fonamental i limitat; hi ha un gran percentatge de persones que no tenen accés a l’aigua potable i això provoca que l’aigua s’hagi convertit en un bé pràcticament de luxe per a moltes persones.Actualment la demanda d’aigua potable és molt elevada, amb una tendència de creixement, doncs estan proliferant els conreus extensius, camps de golf, les grans urbanitzacions on l’aigua és escassa...Per a solucionar aquestes situacions, els governs haurien de canviar a través de diverses polítiques, aquesta tendència creixent i tant poc sostenible.Recentment hem viscut de primera mà èpoques de sequeres que ens han fet reflexionar a tots d’una manera o altra.Però, què podem fer nosaltres des del nostre àmbit, és a dir, l’àmbit domèstic? En aquest treball es presenten les diverses maneres d’estalviar aigua a les llars, des de sistemes molt senzills, fins a nous aparells electrodomèstics d’alta eficiència. Farem un anàlisis sobre el cost econòmic que suposa implantar aquesta sèrie de mesures.Serà necessari saber quanta aigua es consumeix en algunes llars representatives i com es distribueix entre les diferents necessitats que tenen les famílies (aixetes, wc’s, rentavaixelles,etc), per tal d’estudiar la manera de reduir aquest consum.Per altra banda, cal destacar que plantejarem aquestes mesures tenint en compte la visió econòmica, es buscarà la manera de conciliar l’estalvi econòmic amb l’estalvi d’aigua. La gran pregunta que es vol respondre amb aquest estudi és si surt rendible la utilització de sistemes de reducció de consum, electrodomèstics d’alta eficiència...Així doncs, aquest treball intentarà donar a conèixer incentius cap a l’ús sostenible d’un bé tan imprescindible com és l’aigua potable.</subfield>
   </datafield>
   <datafield tag="653" ind2=" " ind1=" ">
      <subfield code="a">Aigua</subfield>
   </datafield>
   <datafield tag="653" ind2=" " ind1=" ">
      <subfield code="a">Energia -- Economia</subfield>
   </datafield>
   <datafield tag="653" ind2=" " ind1=" ">
      <subfield code="a">Estalvi energètic</subfield>
   </datafield>
   <datafield tag="653" ind2=" " ind1=" ">
      <subfield code="a">33 - Economia</subfield>
   </datafield>
   <datafield ind2="0" ind1="0" tag="245">
      <subfield code="a">L&amp;apos;Estalvi d&amp;apos;aigua domèstic</subfield>
   </datafield>
</record></metadata></record></GetRecord></OAI-PMH>